000 00659nam a2200241 a 4500
999 _c3304
_d3304
001 3304
003 BD-JhCC
005 20171112182731.0
008 171112s1991 bg |||| ||a| 000 0 ben d
020 _a9840725270
035 _a(BD-JhCC3304
040 _aBD-JhCC
_dBD-JhCC
041 _aben
082 _a891.443
_bVOL 1991
100 _aভলতেয়ার,
245 _aকাঁদীদ /
_cভলতেয়ার
260 _aঢাকা :
_bবাংলা একাডমী,
_c১৯৯১.
300 _a168 p. :
_c21 cm.
650 _aNovel
700 _aরহমান, হাবীবুর
942 _2ddc
_cBK